| 000 | 00724nam a2200217Ia 4500 | ||
|---|---|---|---|
| 003 | GCL | ||
| 008 | 140319s9999 xx 000 0 ara d | ||
| 020 | _a2445345977 | ||
| 040 |
_aGCL / _cGCL |
||
| 082 | 0 | 4 |
_a005.13 _bد ب |
| 100 | 1 | _aخالد العامرى | |
| 245 | 1 | 0 |
_aبرمجة قواعد البيانات باستخدام جافا / _cخالد العامرى |
| 700 | 1 | _aدوناهو، جون او | |
| 250 | _aالاولى | ||
| 260 |
_aالقاهرة : _bدار الفاروق للنشر والتوزيع ، _c2004 |
||
| 300 |
_a960 ص ؛ _c32 سم |
||
| 650 | 0 | 4 | _aالحاسبات الالكترونية - لغات |
| 650 | 0 | 4 | _aجافا |
| 650 | 0 | 4 | _aانشاء صفحات الويب |
| 942 |
_2ddc _cBK |
||
| 999 |
_c7201 _d7201 |
||